| 000 | 01185cam a22002654a 4500 | ||
|---|---|---|---|
| 003 | OSt | ||
| 005 | 20210202120610.0 | ||
| 008 | 040329s2003 ck 000 0dspa | ||
| 020 | _a9584208098 | ||
| 040 |
_aDLC _cCO-JMCR |
||
| 041 | 0 | _aspa | |
| 082 | 0 | 4 |
_a355.0330861 / _bT626r _223 |
| 100 | 1 |
_aTéllez, Edgar. _eautor _912960 |
|
| 245 | 1 | 0 |
_aRuidos de sables / _cEdgar Téllez, Alvaro Sánchez. |
| 250 | _aPrimera edición | ||
| 260 |
_aBogotá : _bPlaneta, _c2003. |
||
| 300 |
_axv, 343 páginas ; _c22 cm. |
||
| 505 | _aEl ultimo golpe -- Alberto Lleras Camargo -- Carlos Lleras Restrepo -- Misael Pastrana Borrero -- Alfonso López Michelsen -- Julio César Turbay Ayala -- Belisario Betancur Cuartas -- Virgilio Barco Vargas --César Gaviria Trujillo -- Ernesto Samper Pizano -- Andrés Pastrana Arango -- Álvaro Uribe Vélez | ||
| 650 | 2 | 4 |
_aCoups d'etat _zColombia _xHistory _y20th century. _912961 |
| 650 | 2 | 4 |
_aCivil-military relations _zColombia _xHistory _y20th century. _912962 |
| 650 | 2 | 4 |
_aSoldiers _zColombia _vAnecdotes. _912963 |
| 700 | 1 |
_aSánchez, Alvaro. _eautor _912964 |
|
| 942 |
_2ddc _cBK |
||
| 999 |
_c7088 _d7088 |
||